[Event "Challenge"]
[Site "http://www.queenalice.com/game.php?id=874090"]
[Date "2010.12.20"]
[Round "-"]
[White "TIKAR"]
[Black "skizytuss"]
[Result "0-1"]
[WhiteElo "1333"]
[BlackElo "1160"]

1. e4 e5 2. d3 Nf6 3. Nf3 d5 4. exd5 Nxd5 5. Nxe5 Qe7 6. d4 f6 7. Bc4 Qb4+ 8.
Bd2 Qxb2 9. Nf3 Qxa1 10. Qc1 Bg4 11. Bxd5 c6 12. Bc3 Qxa2 13. Bxa2 Bd6 14. Qe3+
Be7 15. Qe4 f5 16. Qf4 Nd7 17. Nbd2 g5 18. Qc7 Rd8 19. Qxb7 Bh5 20. Qxc6 Bf7 21.
h4 Bxa2 22. hxg5 O-O 23. Rh6 Rc8 24. Qe6+ Bxe6 25. g6 hxg6 26. Rxg6+ Kf7 27. Rh6
Rxc3 28. Rh7+ Ke8 29. Rh6 Rxc2 30. Rxe6 Rh8 31. Kd1 Ra2 32. Nc4 Rh1+ 33. Ne1 Kf7
34. Rc6 Bb4 0-1

[Event "Challenge"]
[Site "http://www.queenalice.com/game.php?id=887985"]
[Date "2011.1.19"]
[Round "-"]
[White "skizytuss"]
[Black "KROKUS"]
[Result "0-1"]
[WhiteElo "1207"]
[BlackElo "1514"]

1. d4 d5 2. e3 Bf5 3. Bd3 g6 4. Nf3 c6 5. Ne5 Nd7 6. c4 e6 7. O-O Ngf6 8. Bxf5
gxf5 9. c5 h5 10. Nc3 a6 11. Na4 Rb8 12. Nb6 Nxb6 13. cxb6 Qxb6 14. h3 Bd6 0-1

[Event "Challenge"]
[Site "http://www.queenalice.com/game.php?id=1442083"]
[Date "2016.9.20"]
[Round "-"]
[White "skizytuss"]
[Black "sophiedurga"]
[Result "0-1"]
[WhiteElo "1239"]
[BlackElo "1839"]

1. e4 e6 2. Nc3 d5 3. e5 a6 4. Nf3 c5 5. Na4 b5 6. Nc3 b4 7. Na4 Bd7 8. b3 Qa5
9. d4 Bxa4 10. bxa4 Qxa4 11. Ng5 Ra7 12. Qf3 Qxc2 13. Bd3 Qc3+ 14. Bd2 Qxa1+ 15.
Qd1 Qxd4 16. Qe2 Qa1+ 17. Qd1 Qxa2 18. O-O Nc6 19. Bxh7 Nge7 20. Qf3 Nf5 21. g4
g6 22. gxf5 gxf5 23. Rd1 Bh6 24. Nxe6 Bxd2 25. Qh5 Qc2 26. Ng7+ Kd8 27. Qh4+ Re7
28. Ra1 Qc4 29. Qf6 Qg4+ 30. Kf1 Rxh7 31. Qd6+ Rd7 32. Qf8+ Kc7 33. Ne8+ Kb6 34.
Nf6 Rxh2 35. Nxg4 Rh1+ 36. Ke2 Rxa1 37. Kxd2 Ra3 38. Nf6 Nxe5 39. Qb8+ Rb7 40.
Nxd5+ Kc6 41. Ne7+ Rxe7 42. Qa8+ Kb5 43. Qb8+ Kc4 44. Qd8 Rd7+ 45. Qxd7 Nxd7 0-1

[Event "Challenge"]
[Site "http://www.queenalice.com/game.php?id=1445670"]
[Date "2016.10.14"]
[Round "-"]
[White "skizytuss"]
[Black "sophiedurga"]
[Result "0-1"]
[WhiteElo "1239"]
[BlackElo "1867"]

1. e4 e6 2. Nf3 d5 3. Nc3 d4 4. Nb5 c5 5. c4 a6 6. Na3 Nc6 7. d3 e5 8. Qa4 Bd7
9. Bg5 f6 10. Bh4 g5 11. Bg3 h5 12. h4 g4 13. Nd2 Qb6 14. b3 Nb4 15. Nb5 Nc2+
16. Ke2 Nxa1 17. f4 Nc2 18. b4 Nxb4 19. a3 Bxb5 20. cxb5 Qxb5 21. Qb3 Nc6 22.
Qe6+ Be7 23. Nc4 Rd8 24. fxe5 fxe5 25. Bxe5 Nxe5 26. Qxe5 Nf6 27. g3 Qb1 28. Bg2
Qc2+ 29. Nd2 Rf8 30. Rf1 Qa4 31. Qe6 Qd7 32. Qe5 Qd6 33. Qf5 Qxg3 34. Qg6+ Rf7
35. Rf2 Qxf2+ 36. Kxf2 Nxe4+ 37. Ke1 Bxh4+ 38. Ke2 Nc3# 0-1

[Event "Challenge"]
[Site "http://www.queenalice.com/game.php?id=1448083"]
[Date "2016.11.4"]
[Round "-"]
[White "skizytuss"]
[Black "Dalri_Ultreya"]
[Result "0-1"]
[WhiteElo "1328"]
[BlackElo "1668"]

1. e4 e5 2. Nf3 Nc6 3. Bc4 Bc5 4. d4 exd4 5. Nxd4 Nxd4 6. c3 Nc6 7. Qf3 Nf6 8.
Bg5 Ne5 9. O-O Nxf3+ 10. gxf3 d6 11. Nd2 O-O 12. Nb3 Bh3 13. Rfe1 h6 14. e5 dxe5
15. Nxc5 hxg5 16. Nxb7 Qb8 17. Ba6 c6 18. Re3 Nd7 19. f4 g4 20. fxe5 Nxe5 21. f4
Nf3+ 22. Kf2 Qxf4 23. Ke2 Qxh2+ 24. Kd3 Qd2+ 25. Ke4 Rfe8+ 26. Kf4 Qxe3+ 0-1

[Event "Challenge"]
[Site "http://www.queenalice.com/game.php?id=1448084"]
[Date "2016.11.4"]
[Round "-"]
[White "skizytuss"]
[Black "vangogh"]
[Result "1-0"]
[WhiteElo "1269"]
[BlackElo "1517"]

1. e4 e5 2. Nf3 Nc6 3. Bc4 h6 4. O-O g5 5. d4 f6 6. d5 Nb8 7. Nc3 d6 8. Be3 Bg4
9. h3 Bxf3 10. Qxf3 c5 11. Bb5+ Nd7 12. Bxd7+ Qxd7 13. Qh5+ Qf7 14. Qxf7+ Kxf7
15. b3 Rc8 16. Nb5 a6 17. Nc3 b5 18. a4 b4 19. Ne2 Ne7 20. c4 Ng6 21. Ng3 Nh4
22. Rad1 a5 23. f3 h5 24. Bf2 Bh6 25. Nf5 Nxf5 26. exf5 h4 27. Rde1 Rhe8 28. Re4
Kf8 29. Be3 Kg7 30. Re1 g4 31. Rxg4+ Kh7 32. Rxh4 e4 33. Rxh6+ Kg7 34. Rf1 Re5
35. Rg6+ Kf7 36. Bf4 Rxf5 37. Rg4 exf3 38. Rxf3 Re8 39. Kh2 Re2 40. Bxd6 Rxf3
41. Bxc5 Rxb3 42. d6 Rd2 43. Re4 Ra3 44. Re7+ Kf8 45. d7 Rad3 46. Re8+ Kf7 47.
Re7+ Kg6 48. Bb6 b3 49. Bxa5 Rd1 50. d8=Q Rxd8 51. Bxd8 Rxd8 52. Re2 Rc8 53. Rb2
Rxc4 54. a5 Ra4 55. Rxb3 Rxa5 56. h4 f5 57. Rg3+ Kf6 58. Rf3 Ke5 59. h5 f4 60.
h6 Ra7 61. g3 Ke4 62. Rxf4+ Ke3 63. Kg2 Rh7 64. Rf6 Ke4 65. g4 Rd7 66. Kg3 Rd3+
67. Kh4 Rd7 68. Kh5 Ke5 69. g5 Rd4 70. h7 Rh4+ 71. Kxh4 1-0

[Event "Challenge"]
[Site "http://www.queenalice.com/game.php?id=1448085"]
[Date "2016.11.4"]
[Round "-"]
[White "skizytuss"]
[Black "jbugg"]
[Result "1-0"]
[WhiteElo "1239"]
[BlackElo "1391"]

1. e4 e5 2. Nf3 Nc6 3. Be2 Qe7 4. O-O Nf6 5. d4 Nxe4 6. d5 Nd8 7. Bg5 f6 8. Be3
d6 9. Nbd2 Nc5 10. Nh4 Qf7 11. Bh5 g6 12. Bf3 Rg8 13. b4 Nd7 14. Ne4 Nb6 15. Be2
Qxd5 16. Nxf6+ Kf7 17. Nxd5 Ne6 18. Nxb6 axb6 19. f4 e4 20. f5 Nd8 21. fxg6+ Ke8
22. Bh5 Bg7 23. gxh7+ Nf7 24. hxg8=Q+ Ke7 25. Qxf7+ Kd8 26. Bg5+ 1-0

[Event "Challenge"]
[Site "http://www.queenalice.com/game.php?id=1449226"]
[Date "2016.11.10"]
[Round "-"]
[White "skizytuss"]
[Black "sophiedurga"]
[Result "0-1"]
[WhiteElo "1269"]
[BlackElo "1887"]

1. e4 e6 2. Nf3 d5 3. e5 c5 4. Bb5+ Bd7 5. a4 Qa5 6. Nc3 d4 7. Ne4 Bxb5 8. c3
Bd3 9. Nd6+ Bxd6 10. exd6 Nd7 11. Qb3 Qb6 12. a5 Qxb3 13. Ra3 Qc2 14. Ra1 f6 15.
cxd4 Rc8 16. d5 exd5 17. Ng1 Kf7 18. Ne2 Bxe2 19. Kxe2 Re8+ 20. Kf1 Qd1# 0-1

[Event "Challenge"]
[Site "http://www.queenalice.com/game.php?id=1452938"]
[Date "2016.12.1"]
[Round "-"]
[White "skizytuss"]
[Black "sophiedurga"]
[Result "0-1"]
[WhiteElo "1302"]
[BlackElo "1865"]

1. e4 e6 2. Nf3 d5 3. e5 c5 4. Bb5+ Bd7 5. a4 Qa5 6. O-O Bxb5 7. axb5 Qxa1 8.
Nc3 Nd7 9. Qe2 Qa5 10. d4 c4 11. Bd2 Qc7 12. Bg5 h6 13. Bh4 g5 14. Bg3 Be7 15.
Na4 a6 16. Nc3 Nb6 17. bxa6 Rxa6 18. Nb5 Qc6 19. Na7 Rxa7 20. c3 Qb5 21. b4 Qa4
22. Qc2 Qxc2 23. h3 Qxc3 24. Bh2 Bxb4 25. Ne1 Ra1 0-1

[Event "Challenge"]
[Site "http://www.queenalice.com/game.php?id=1455890"]
[Date "2016.12.22"]
[Round "-"]
[White "skizytuss"]
[Black "vangogh"]
[Result "1-0"]
[WhiteElo "1302"]
[BlackElo "1473"]

1. e4 e5 2. Nf3 Nc6 3. Bb5 a6 4. Ba4 b5 5. Bb3 d6 6. O-O Nf6 7. d3 Bg4 8. Nbd2
h6 9. h3 Bxf3 10. Nxf3 g5 11. Be3 Qd7 12. d4 g4 13. hxg4 Nxg4 14. Nh4 Rg8 15. d5
Na5 16. Bd2 Nb7 17. Nf5 Nc5 18. f3 Nf6 19. Bxh6 Bxh6 20. Nxh6 Rg6 21. Qd2 Qh3
22. Ng4 Nxg4 23. gxh3 Ne3+ 24. Kf2 Nxf1 25. Rxf1 Kd7 26. c4 Rgg8 27. Rg1 Rh8 28.
Rg7 Ke7 29. Qg5+ Kf8 30. Qf6 Ke8 31. Qxf7+ Kd8 32. Qe7+ Kc8 33. Qxc7# 1-0

[Event "Challenge"]
[Site "http://www.queenalice.com/game.php?id=1455895"]
[Date "2016.12.22"]
[Round "-"]
[White "skizytuss"]
[Black "Dalri_Ultreya"]
[Result "1-0"]
[WhiteElo "1325"]
[BlackElo "1703"]

1. e4 e5 2. Nf3 Nc6 3. Be2 Bc5 4. O-O Nf6 5. Nc3 O-O 6. d3 d6 7. Bg5 h6 8. Bh4
Nd4 9. Bxf6 Qxf6 10. Nd5 Qd8 11. c3 Nxe2+ 12. Qxe2 c6 13. Nb4 a5 14. Nc2 Bg4 15.
h3 Bh5 16. g4 Bg6 17. h4 Qd7 18. Nh2 Rae8 19. h5 Bh7 20. Ne3 b5 21. f3 b4 22.
Qg2 Bxe3+ 23. Kh1 bxc3 24. bxc3 Rb8 25. Rae1 Bf4 26. a4 c5 27. Ra1 d5 28. Rfd1
Rb3 29. c4 d4 30. Qa2 Qe7 31. Qxb3 Qh4 32. Ra2 Qh3 33. Rg2 Bxh2 34. Rxh2 Qxf3+
35. Rg2 f5 36. Qc2 fxg4 37. Kg1 g3 38. Qe2 Qf4 39. Rf1 Qh4 40. Qe1 Rxf1+ 41.
Qxf1 g6 42. Qe1 gxh5 43. Qxg3+ Qxg3 44. Rxg3+ Kf7 45. Rf3+ Ke6 46. Rh3 Bg6 47.
Rg3 Bf7 48. Rh3 Ke7 49. Rg3 Kf6 50. Kh2 Bg6 51. Kh3 Kg7 52. Kh4 Kf6 53. Rf3+ Kg7
54. Rf1 Be8 55. Rg1+ Kf6 56. Rg8 Kf7 57. Rh8 Ke7 58. Rxh6 Bf7 59. Kg5 Kf8 60.
Kf6 Kg8 61. Kxe5 Kg7 62. Rc6 h4 63. Rf6 h3 64. Rf2 Bh5 65. Kd5 1-0

[Event "Challenge"]
[Site "http://www.queenalice.com/game.php?id=1457640"]
[Date "2017.1.3"]
[Round "-"]
[White "skizytuss"]
[Black "sophiedurga"]
[Result "0-1"]
[WhiteElo "1325"]
[BlackElo "1894"]

1. e4 e6 2. Bd3 Bc5 3. Qf3 Nc6 4. Bb5 a6 5. Bxc6 bxc6 6. d3 e5 7. Be3 Bb6 8. Ne2
d5 9. O-O d4 10. Qg3 Nf6 11. Bg5 Qd6 12. Nd2 Be6 13. Bxf6 gxf6 14. Qg7 O-O-O 15.
a4 Qe7 16. Nf3 h5 17. h4 Rdg8 18. Qg3 Rxg3 19. Nxg3 c5 20. b3 Ba5 21. c4 dxc3
22. Rac1 Bxb3 23. Rxc3 Bxc3 24. Nf5 Qd7 25. a5 Qxd3 26. Ne7+ Kd7 27. Nf5 Qxe4
28. Ng3 Qf4 29. Nxh5 Rg8 30. Nxf4 exf4 31. Kh2 Bd5 32. Rh1 Bxf3 33. gxf3 Kd6 34.
Rd1+ Bd4 35. Kh3 Kd5 36. h5 c4 37. Kh4 c3 38. h6 f5 39. Kh5 Ke5 40. h7 Rh8 41.
Kh6 Kd5 42. Rc1 Kc4 43. Rd1 c2 44. Rh1 Kc3 45. Kg5 Kd2 46. Kxf5 c1=Q 47. Rxc1
Kxc1 48. Kxf4 Rxh7 49. Kg5 Rg7+ 50. Kf5 c5 51. f4 Kd2 52. Ke4 Bxf2 53. f5 f6 54.
Kd5 Re7 55. Kc6 c4 56. Kd6 Re1 57. Kc6 c3 0-1

[Event "Challenge"]
[Site "http://www.queenalice.com/game.php?id=1470759"]
[Date "2017.3.28"]
[Round "-"]
[White "skizytuss"]
[Black "Amarildo"]
[Result "0-1"]
[WhiteElo "1356"]
[BlackElo "1514"]

1. e4 e5 2. Nf3 Bd6 3. d4 Bb4+ 4. c3 Bd6 5. Bg5 Be7 6. dxe5 d6 7. Bc4 Be6 8.
Bb5+ Bd7 9. Bc4 Be6 10. Bxe7 Nxe7 11. exd6 cxd6 12. Bxe6 fxe6 13. e5 d5 14. Ng5
O-O 15. Nxe6 Qd7 16. Nxf8 Kxf8 17. Qf3+ Nf5 18. g4 g6 0-1

[Event "Challenge"]
[Site "http://www.queenalice.com/game.php?id=1475758"]
[Date "2017.4.29"]
[Round "-"]
[White "WLAO"]
[Black "skizytuss"]
[Result "1-0"]
[WhiteElo "1622"]
[BlackElo "1339"]

1. b3 e5 2. d4 Bd6 3. d5 Nf6 4. c4 Bb4+ 5. Bd2 Bc5 6. e3 Ne4 7. Bd3 f5 8. Bxe4
fxe4 9. Ne2 Qg5 10. O-O d6 11. a3 Bh3 12. Ng3 O-O 13. gxh3 Nd7 14. Kh1 Rf3 15.
Qe2 Raf8 16. Nc3 h5 17. Ngxe4 Qf5 18. Rg1 Nf6 19. Rg3 Rxg3 20. Nxg3 Qc2 21. Rc1
Qxb3 22. Rb1 Qxa3 23. h4 1-0